000 01609cam a2200445 4500
999 _c372392
_d372392
001 502982462
003 DE-627
005 20230426120224.0
007 tu
008 051117s2006 gw ||||| 00| ||ger c
015 _a05,N48,1706
_2dnb
015 _a06,A32,2154
_2dnb
016 7 _a97699111X
_2DE-101
020 _cPp. : EUR 14.95
020 _a3865390749
_cPp. : EUR 14.95
020 _a9783865390745
028 5 2 _a626-00129
035 _a(DE-627)502982462
035 _a(DE-599)DNB97699111X
035 _a(OCoLC)166028886
040 _aDE-627
_bger
_cDE-627
_erakwb
_dDE-2950
041 _ager
044 _cXA-DE-HE
082 0 4 _a943
084 _a15.30
_2bkl
245 1 4 _aDie Kaiser:
_b1200 Jahre europäische Geschichte /
_cGerhard Hartmann/Karl Schnith (Hrsg.). Unter Mitarb. von Wilfried Hartmann ...
264 1 _aWiesbaden:
_bMarix-Verl.,
_c2006.
300 _a887 Seiten:
_bIllustrationen
_c24 cm
336 _aText
_btxt
_2rdacontent
337 _aohne Hilfsmittel zu benutzen
_bn
_2rdamedia
338 _aBand
_bnc
_2rdacarrier
500 _aLiteraturverz. S. 809 - 824
951 _aBO
700 1 _aHartmann, Gerhard
_eHrsg.
_4edt
700 1 _aHartmann, Wilfried
_d1942-
_0(DE-588)123202892
_0(DE-627)082409749
_0(DE-576)293603022
_4oth
856 4 2 _uhttp://www.gbv.de/dms/hebis-darmstadt/toc/178744069.pdf
_mV:DE-603
_mB:DE-17
_qpdf/application
_yInhaltsverzeichnis
_3Inhaltsverzeichnis
856 4 2 _uhttp://deposit.dnb.de/cgi-bin/dokserv?id=2705194&prov=M&dok_var=1&dok_ext=htm
_mX: MVB
_qtext/html
_v20130501
_3Inhaltstext
936 b k _a15.30
942 _2z
_cB